00656nac a22001811u 4500010001600000020001700016082001800033090001500051100003400066245006900100260004700169300003400216504005100250650003200301942002000333999001500353952010600368 a 93046759 a0077079744 :00a670.285bT625 c4536d4536 aTizzard, Andrew, 13aAn introduction to computer-aided engineering /cAndrew Tizzard. aLondon ;aNew York :bMcGraw-Hill,cc1994. axvi, 293 p. :bill. ;c23 cm. aIncludes bibliographical references and index. 0aComputer-aided engineering. cBBk670.285T625 c4536d4536 00104070aMAINbMAINc1STd2010-09-07ePurchasel0o670.285 TIZp000005308r2025-07-15 00:00:00yBB